| 000 | 01014cam a2200265 a 4500 | ||
|---|---|---|---|
| 001 | 3541572 | ||
| 005 | 20250726085450.0 | ||
| 008 | 970303s1998 maua b 001 0 eng | ||
| 020 |
_a0195213769 _qset : acid-free paper |
||
| 020 |
_a9780195213768 _q(set : acid-free paper) |
||
| 050 | 0 | 0 |
_aHM251 _b.H224 1998 |
| 082 | 0 | 0 |
_a302 _221 |
| 100 | _aDaniel T. Gilbert | ||
| 245 | 0 | 4 |
_aThe handbook of social psychology / _c[edited by] Daniel T. Gilbert, Susan T. Fiske, Gardner Lindzey. |
| 250 | _a4th ed. | ||
| 260 |
_aBoston : _bMcGraw-Hill ; _aNew York : _bDistributed exclusively by Oxford University Press, _cc1998. |
||
| 300 |
_a2 v. : _bill. ; _c26 cm. |
||
| 650 | 0 | _aSocial psychology. | |
| 700 | 1 | _aGilbert, Daniel Todd. | |
| 700 | 1 | _aFiske, Susan T. | |
| 700 | 1 | _aLindzey, Gardner. | |
| 856 | 4 | 2 |
_3Publisher description _uhttp://www.loc.gov/catdir/enhancements/fy0605/97005436-d.html |
| 856 | 4 | 1 |
_3Table of contents only _uhttp://www.loc.gov/catdir/enhancements/fy0605/97005436-t.html |
| 942 |
_2lcc _cBK _n0 |
||
| 999 |
_c7184 _d7184 |
||